Movies Quiz

Random Movies or Disney Quiz

Disney Villain by Song Quiz Stats

 Plays Quiz Updated Oct 11, 2018

Score 0/15 Timer 05:00
4 Plays Today
% Correct
Si and Am
97.4%
Jafar
93.5%
Hans
88.4%
Mother Gothel
88.4%
Ursula
83.9%
Scar
79.2%
Dr. Facilier
77.6%
Governor John Ratcliffe
76.7%
% Correct
Kaa
75.1%
Professor Ratigan
70.7%
Judge Claude Frollo
67.8%
Gaston
65.3%
Madam Mim
63.8%
Honest John
61.2%
Captain Hook
44.3%

You're not logged in!

Compare scores with friends on all Sporcle quizzes.
OR
Log In

Sporcle TV

Today on Sporcle TV


Watch our educational content, quiz creation guides, and fun videos on Sporcle TV.

Show Comments

Extras

Top Quizzes Today


Score Distribution

Your Account Isn't Verified!

In order to create a playlist on Sporcle, you need to verify the email address you used during registration. Go to your Sporcle Settings to finish the process.

Report this User

Report this user for behavior that violates our Community Guidelines.

Details: